| 000 -LEADER |
| fixed length control field |
00952cam a2200265 a 4500 |
| 001 - CONTROL NUMBER |
| control field |
5279 |
| 003 - CONTROL NUMBER IDENTIFIER |
| control field |
BD-DhUAP |
| 005 - DATE AND TIME OF LATEST TRANSACTION |
| control field |
20200223163834.0 |
| 008 - FIXED-LENGTH DATA ELEMENTS--GENERAL INFORMATION |
| fixed length control field |
200223s1995 bg abf b f000 0 eng |
| 020 ## - INTERNATIONAL STANDARD BOOK NUMBER |
| International Standard Book Number |
9843113144 |
| 040 ## - CATALOGING SOURCE |
| Original cataloging agency |
BD-DhUAP |
| Transcribing agency |
BD-DhUAP |
| Modifying agency |
BD-DhUAP |
| Language of cataloging |
Eng |
| 082 00 - DEWEY DECIMAL CLASSIFICATION NUMBER |
| Classification number |
934 QAD |
| Edition number |
23 |
| 100 ## - MAIN ENTRY--PERSONAL NAME |
| Personal name |
Qadir, Muhammad Abdul. |
| 245 ## - TITLE STATEMENT |
| Title |
Excavation at Ruaylbari : |
| Remainder of title |
a preliminary report / |
| Statement of responsibility, etc. |
Muhammad Abdul Qadir and Habibur Rahman |
| 260 ## - PUBLICATION, DISTRIBUTION, ETC. |
| Place of publication, distribution, etc. |
Dhaka : |
| Name of publisher, distributor, etc. |
Dept. of Archaeology, Ministry of Cultural Affairs, |
| Date of publication, distribution, etc. |
2001. |
| 300 ## - PHYSICAL DESCRIPTION |
| Extent |
viii, 27 pages : |
| Other physical details |
ill. ; |
| Dimensions |
24 cm. |
| 490 ## - SERIES STATEMENT |
| Series statement |
B.A. series ; |
| Volume/sequential designation |
24. |
| 504 ## - BIBLIOGRAPHY, ETC. NOTE |
| Bibliography, etc. note |
Includes bibliographical references. |
| 650 #0 - SUBJECT ADDED ENTRY--TOPICAL TERM |
| Topical term or geographic name entry element |
Excavations (Archaeology) |
| Geographic subdivision |
Bangladesh |
| -- |
Dinājpur District. |
| 651 #0 - SUBJECT ADDED ENTRY--GEOGRAPHIC NAME |
| Geographic name |
Dinājpur District (Bangladesh) |
| General subdivision |
Antiquities. |
| 700 ## - ADDED ENTRY--PERSONAL NAME |
| Personal name |
Rahman, Habibur |
| 710 1# - ADDED ENTRY--CORPORATE NAME |
| Corporate name or jurisdiction name as entry element |
Bangladesh |
| Subordinate unit |
Department of Archaeology |
| 942 ## - ADDED ENTRY ELEMENTS (KOHA) |
| Source of classification or shelving scheme |
|
| Koha item type |
Book |